| 000 | 00939nam a2200301 c 4500 | ||
|---|---|---|---|
| 999 |
_c386799 _d386799 |
||
| 003 | BLK | ||
| 005 | 20200901110734.0 | ||
| 008 | 200310b bul|||||r ||||||| ||bul|| | ||
| 040 | _aBLK | ||
| 041 |
_aBUL _cBUL |
||
| 080 |
_aБългарска литература _b821.163.2 _x-31 _z821.163.2-31 |
||
| 100 | 1 |
_aДановски, Симеон Иванов _eпърви автор _9433121 |
|
| 139 | _aДановски, Симеон Иванов | ||
| 245 | 1 | 0 |
_aБедната улица _bроман _cСимеон Иванов Дановски. |
| 257 | _aBGR | ||
| 260 |
_aСофия _bМадара _c1944 |
||
| 300 |
_a272 с. _c18,5 см |
||
| 380 | _aX | ||
| 500 | _a6000 тир. (Цена в кумул.) : 200 лв | ||
| 653 | 7 |
_aбедност _9181744 |
|
| 852 | _aЦб І 25778 | ||
| 856 | 4 |
_qpdf _u |
|
| 856 | 4 |
_qpdf _u |
|
| 942 |
_cKNG _n0 _s1 |
||
| 944 |
_aCR _c2020-09-01 _kМартин Енчев |
||
| 999 | _d340911 | ||